000 00518nam a2200181 a 4500
001 1771589608385
003 YourLibrary
005 20260220174641.0
008 260220s2001##################000#0#eng##
020 _a9780195657999
082 0 4 _a320.54
_bMAD
100 1 _aKishwar, Madhu,
_eauthor.
245 1 0 _aReligion at the Service of Nationalism and Other Essays :
260 _bOxford University Press, USA,
_c2001.
650 0 _aEthnic conflict.
942 _cENGLISH
040 _aYourLibrary
_beng
_cYourLibrary
999 _c614707
_d614707